000 00474nam a2200169Ia 4500
999 _c5568
_d5568
003 OSt
005 20200109092946.0
008 190216s9999||||xx |||||||||||||| ||und||
040 _coclc
082 _a658.82
_bNAI/M
100 _aOmmen
_91101
245 0 _aMarketing And Sales Promotion /
_cOmmen and Nair
260 _bLions Publications,
_c1999.
_aMadras:
300 _a236p
650 _xMarketing
942 _cBK
_2ddc
_h658.72
_iNAI/M
_k658.82
_mNAI/M